The changing boundaries of social enterprises /

Gespeichert in:
Bibliographische Detailangaben
1. Verfasser: Borzaga, Carlo (VerfasserIn)
Körperschaft: Organisation for Economic Co-operation and Development, OECD (Paris, France)
Weitere Verfasser: Noya, Antonella (HerausgeberIn)
Format: Buch
Sprache:Englisch
Veröffentlicht: Paris : OECD, 2009
Ausgabe:[1st ed.]
Schlagworte:
ISBN:9789264055261
Online-Zugang: Volltext
Tags: Tag hinzufügen
Keine Tags, Fügen Sie den ersten Tag hinzu!

MARC

LEADER 00000aam a2200000 4500
003 SK-BrCVT
005 20220621172122.0
006 a####e######000#0#
008 090716s2009 fr ####e######000#0#eng d
020 |a 9789264055261 
035 |a CVTIDW1503871 
040 |b slo  |c CVT  |a CVTI SR  |e AACR2 
041 0 |a eng 
044 |a fr 
080 |a 36:658  |2 UDC-MRF 
080 |a 364-787  |2 UDC-MRF 
080 |a 334.012.44  |2 UDC-MRF 
100 1 |a Borzaga, Carlo  |4 aut 
245 1 |a The changing boundaries of social enterprises /  |c Authors: Carlo Borzaga ... [et al.] ; edited by: Antonella Noya 
250 |a [1st ed.] 
260 |a Paris :  |b OECD,  |c 2009 
300 |a 272 s. :  |b grafy, tab. ; 
653 1 |a sociálny podnik  |a sociálna inklúzia  |a trvalo udržateľné financie  |a podnikanie  |a ekonomický rozvoj 
655 7 |a prehľady  |2 SNKPH 
700 1 |a Noya, Antonella  |4 edt 
710 2 |a Organisation for Economic Co-operation and Development, OECD (Paris, France) 
852 |a CVTISR  |b 1 
856 4 |u http://ezproxy.cvtisr.sk/login.php?url=https://doi.org/10.1787/9789264055513-en 
910 |a BA002  |b E001480  |b A608572 
919 |a 978-92-64-05526-1 
959 |a o27 
974 |a rita.zubonyaiova  |f Knihy 
992 |a APH 
999 |c 193184  |d 193184